000 00403nam a2200145Ia 4500
008 231129s2000||||xx |||||||||||||| ||spa||
020 _a958-9075-79-7
040 _bspa
082 _aCo863 M516o
100 _aMejia Vallejo Manuel
245 0 _aOtras historias
260 _c2000
264 _aConcejo de Medellin ; Biblioteca Publica Piloto
942 _2ddc
_cBKS
999 _c22249
_d22249